000
00285nam a2200109Ia 4500
008
230907s9999||||xx |||||||||||||| ||und||
082
_a
621.31921,HAG
100
_a
Haginomori, Eiichi,
_9
115330
245
0
_a
Power system transient analysis :
300
_a
ix, 268 pages ;
942
_c
BK
999
_c
598131
_d
598131